Finish the Movie with a TV Show Quiz Stats

 Plays Quiz Updated Jul 19, 2019

Score 0/20 Timer 04:00
2 Plays Today
Question Answer Wrong Answers
Mean ____ Girls
95.4%
Veep
0.4%
Silicon Valley
0.4%
Blackish
0.5%
Raiders of the ____ Ark Lost
95.4%
The Office
0.5%
Arrested Development
0.5%
House of Cards
0.4%
____ with Benefits Friends
95.1%
Seinfeld
1.3%
Archer
0.3%
Bob's Burgers
0.3%
____ on Haunted Hill House
91.2%
Hogan's Heroes
1.4%
Bewitched
2.4%
Dallas
1.5%
____ Driver Taxi
85.1%
All in the Family
7%
Game of Thrones
0.8%
Married...with Children
3.4%
The Lovely ____ Bones
84.6%
West Wing
4.5%
Psych
4.7%
American Gladiators
2.1%
King ____ Arthur
84.3%
Dora the Explorer
1.6%
Hannah Montana
4.1%
Glee
5.9%
Double ____ Jeopardy
84.1%
Wheel of Fortune
5.1%
Price is Right
4%
Who Wants to be a Millionaire
3.4%
Lone ____ Survivor
82.7%
Amazing Race
7.3%
The Bachelor
4.1%
Top Chef
1.8%
____ Carter Coach
82.4%
Cheers
4.3%
Firefly
4.4%
Mad Men
4.8%
Harold & Kumar Go to White ____ Castle
80.7%
Everybody Loves Raymond
4.2%
Brooklyn 99
3.6%
NYPD Blue
7.4%
Good Luck ____ Chuck
79.5%
Home Improvement
7.7%
Whose Line Is It Anyway?
5%
Hell's Kitchen
3.2%
Leaving ____ ____ Las Vegas
79.5%
Law & Order
5.6%
ER
3.4%
Hawaii Five-0
7.1%
Bulletproof ____ Monk
78.7%
MASH
6.1%
Breaking Bad
4.7%
Handmaid's Tale
5.9%
____ Lyndon Barry
71.2%
Happy Days
7.7%
Maude
12.4%
Golden Girls
3.8%
____ ____ Have Eyes The Hills
69.7%
Keeping Up With the Kardashians
12%
Jersey Shore
8.4%
Doug
5.7%
____ & Flow Hustle
68.2%
Inbetweeners
14.8%
Fawlty Towers
7.9%
Downton Abbey
4%
____ and the Badman Angel
63%
Star Trek
1.9%
Freaks and Geeks
11.5%
The Nanny
18.6%
The Wizard of ____ Oz
61.5%
Prison Break
18.8%
Orange is the New Black
3.6%
Smallville
12.6%
____ ____ Jazz All That
48.4%
Even Stevens
13.4%
Mickey Mouse Club
23.8%
Friday Night Lights
9.5%

You're not logged in!

Compare scores with friends on all Sporcle quizzes.
OR
Log In

Sporcle TV

Today on Sporcle TV


Watch our educational content, quiz creation guides, and fun videos on Sporcle TV.

Show Comments

Extras

Top Quizzes Today


Score Distribution

Your Account Isn't Verified!

In order to create a playlist on Sporcle, you need to verify the email address you used during registration. Go to your Sporcle Settings to finish the process.

Report this User

Report this user for behavior that violates our Community Guidelines.

Details: